00521 a2200169 4500010001400000020001000014035001300024037001800037082000800055100001800063245009700081260004400178270006100222300002500283710002500308710001800333 aENG-85480 c60.00 aEN-69013 bD.B.Act / Pub14a8821 aAnna, Aringar1 aThe cuckoo clubcby Aringar Anna compiled and edited by M. S. Venkatachalam and M. Natarajan aChennaic2005bTamil Arasi Publications a189, T. T. K. Road, AlwarpetbChennaie600 018k52077009 a114 p.c22 cm (Pbk.)1 aVenkatachalam, M. S.1 aNatarajan, M.